00390nam a2200169Ia 4500003000400000005001700004008004100021020001800062040000700080041000800087082001700095100002200112245001900134260003900153300001500192365001300207OSt20230413094435.0210423s1994 xx 000 0 und d a9780007273942 cAL aeng a823 THAS223 aTHAROOR (Shashi). aShow business. aNew DelhibPenguin Books Ltdc1994 aiv,307bPB b295cINR